| 000 | 00516nam a22001811a 4500 | ||
|---|---|---|---|
| 005 | 20110718132959.0 | ||
| 008 | 091005s1988 001 0 eng d | ||
| 020 | _c0.00 | ||
| 040 | _aNEGST Library - Kenya | ||
| 050 | 4 | _aBS 325.C86 1988 | |
| 082 | 0 | _aBS 325.C86 1988 | |
| 245 | 0 | 0 | _aAbwaresen wore. |
| 260 |
_bInternational Bible Soci, _c1988. |
||
| 300 | _a792 p.; | ||
| 500 | _a[Africana] Includes Maps. | ||
| 600 | 1 | 0 | _aChumburung language - Bible. |
| 852 | _95.00 | ||
| 999 |
_c39413 _d39413 |
||